000 00999nam a22002657a 4500
001 000493
003 DO-SdBNP
005 20171110105935.0
007 000493
008 160914b 2004 sp ||||| |||| 00| 0 spa d
020 _a9788497060776
040 _aBPMSU
_bspa
_cBPMSU
082 4 _a616.8589
_bS587t
100 1 _aSilver, Larry B.
240 1 0 _aAttention-deficit/hyperactivity disorder.
_lEspañol.
245 1 0 _aTrastorno por déficit de atención con hiperactividad :
_bguía clínica de diagnóstico y tratamiento para profesionales de la salud /
_cLarry B. Silver ; traducción María Jesús Herrero Gascón.
260 _aBarcelona :
_bArs Médica ;
_bLexus,
_c2004.
300 _axi, 272 p. ;
_c24 cm.
650 4 _aTRASTORNO DE LA FALTA DE ATENCION CON HIPERACTIVIDAD
700 1 2 _aHerrero Gascón, María Jesús,
_etr.
910 _aValidado. Control de calidad MFF
942 _2ddc
_cBK
945 _aInventariado, 2017/MFF
956 _2LOPEREZ
_310
_6201600914
_8BPMSU
_a00041
999 _c11366
_d11366